000 00802nam a2200301Ia 4500
005 20250425162729.0
008 250425s9999 xx 000 0 und d
020 _a9789681868581
041 _aspa
043 _amx
082 _a625.14
100 _aCRESPO VILLALAZ, CARLOS
245 0 _aVIAS DE COMUNICACION: CAMINO, FERROCARRILES, AEROPUERTOS, PUENTES Y PUERTOS
250 _a4 ED.
260 _aMEXICO
260 _aMéxico
_bLIMUSA, S. A. DE C. V. GRUPO NORIEGA
_c2016
300 _a736
650 _aAEROPUERTOS
650 _aAEROPUERTOS
650 _aCAMINOS Y CARRETERAS
650 _aCAMINOS Y CARRETERAS
650 _aFERROCARRILES
650 _aFERROCARRILES
650 _aVIAS DE COMUNICACION
650 _aVIAS DE COMUNICACION
942 _c01
010 _a103607
999 _c235268
_d235268